000 00658nam a2200241Ia 4500
003 OSt
005 20220924113104.0
006 a|||||r|||| 00| 0
007 ta
008 220923b |||||||| |||| 00| 0 eng d
024 _a58068
037 _cDictionary
040 _aARTS
_cARTS
_beng
041 _2eng
_aeng
082 _aP157:4k, 111F2
100 _aPargiter F E
_9150443
245 0 _aVocabulry of Peculiar verncaular Bengali words
260 _aCalcutta
_bThe Asiatic Society
_c1923
300 _a113p.
_ccm.
650 _aLINGUISTICS
942 _hP157:4k, 111F2
_cdic
_2cc
999 _c389195
_d389195